Product management / (Record no. 198572)
[ view plain ]
| 000 -LEADER | |
|---|---|
| fixed length control field | 00781nam a2200229Ia 4500 |
| 005 - DATE AND TIME OF LATEST TRANSACTION | |
| control field | 20220228145513.0 |
| 008 - FIXED-LENGTH DATA ELEMENTS--GENERAL INFORMATION | |
| fixed length control field | 210716s2005 xx 000 0 und d |
| 020 ## - INTERNATIONAL STANDARD BOOK NUMBER | |
| International Standard Book Number | 0070603480 |
| 040 ## - CATALOGING SOURCE | |
| Transcribing agency | AIMIT LIBRARY |
| 041 ## - LANGUAGE CODE | |
| Language code of text/sound track or separate title | eng |
| 082 ## - DEWEY DECIMAL CLASSIFICATION NUMBER | |
| Classification number | 658.8104 |
| Edition number | 4 |
| Item number | LEHD |
| 100 ## - MAIN ENTRY--PERSONAL NAME | |
| Personal name | Lehmann, Donald R. |
| 9 (RLIN) | 22134 |
| 245 ## - TITLE STATEMENT | |
| Title | Product management / |
| Statement of responsibility, etc. | By Donald R. Lehmann and Russell S. Winer. |
| 250 ## - EDITION STATEMENT | |
| Edition statement | 4th ed. |
| 260 ## - PUBLICATION, DISTRIBUTION, ETC. | |
| Place of publication, distribution, etc. | New Delhi : |
| Name of publisher, distributor, etc. | Tata McGraw Hill Publishing Company Ltd , |
| Date of publication, distribution, etc. | 2005. |
| 300 ## - PHYSICAL DESCRIPTION | |
| Extent | Xvi, 494p. ; |
| Dimensions | 24 cm. |
| 650 ## - SUBJECT ADDED ENTRY--TOPICAL TERM | |
| Topical term or geographic name entry element | Financial analysis for product management |
| 9 (RLIN) | 22135 |
| 650 ## - SUBJECT ADDED ENTRY--TOPICAL TERM | |
| Topical term or geographic name entry element | Category attractiveness analysis |
| 9 (RLIN) | 22136 |
| 650 ## - SUBJECT ADDED ENTRY--TOPICAL TERM | |
| Topical term or geographic name entry element | Market potential and sales forecasting |
| 9 (RLIN) | 22137 |
| 700 ## - ADDED ENTRY--PERSONAL NAME | |
| Personal name | Winer, Russell S. |
| 9 (RLIN) | 22138 |
| 942 ## - ADDED ENTRY ELEMENTS (KOHA) | |
| Source of classification or shelving scheme | Dewey Decimal Classification |
| Koha item type | Book |
| Edition | 4th |
| Call number prefix | 658.8104 LEHD |
| Withdrawn status | Lost status | Source of classification or shelving scheme | Damaged status | Not for loan | Collection code | Home library | Current library | Date acquired | Inventory number | Total Checkouts | Full call number | Barcode | Date last seen | Price effective from | Koha item type | Cost, normal purchase price | Cost, replacement price |
|---|---|---|---|---|---|---|---|---|---|---|---|---|---|---|---|---|---|
| Dewey Decimal Classification | MBA | St Aloysius Institute of Management & Information Technology | St Aloysius Institute of Management & Information Technology | 07/16/2021 | Bill no:; Bill dt:1900-01-00 | 658.8104 LEHD | MBA01137 | 05/23/2026 | 07/16/2021 | Book | |||||||
| Dewey Decimal Classification | MBA | St Aloysius Institute of Management & Information Technology | St Aloysius Institute of Management & Information Technology | 08/16/2006 | Bill no:7026; Bill dt:2006-08-07 | 658.8104 LEHD | MBA03962 | 05/23/2026 | 07/16/2021 | Book | 335.00 | 268.00 | |||||
| Dewey Decimal Classification | MBA | St Aloysius Institute of Management & Information Technology | St Aloysius Institute of Management & Information Technology | 08/22/2006 | Bill no:562; Bill dt:2006-08-11 | 658.8104 LEHD | MBA03998 | 05/23/2026 | 07/16/2021 | Book | 325.00 | 260.00 | |||||
| Dewey Decimal Classification | MBA | St Aloysius Institute of Management & Information Technology | St Aloysius Institute of Management & Information Technology | 01/02/2008 | Bill no:8013; Bill dt:2007-12-18 | 658.8104 LEHD | MBA04659 | 05/23/2026 | 07/16/2021 | Book | 350.00 | 280.00 |